Здравый смысл. 2000, спец. вып.[ 1]: Мужество стать (Запись № 11969408)

Подробности
000 -МАРКЕР
контрольное поле 00882nam2a2200217 4500
001 - ИДЕНТИФИКАТОР ЗАПИСИ
контрольное поле RU\NLR\BIBL_A\011495510
005 - ИДЕНТИФИКАТОР ВЕРСИИ
контрольное поле 20250626080447.0
035 ## - ДРУГИЕ СИСТЕМНЫЕ НОМЕРА
Идентификатор записи (NLR Aleph) 011495510
100 ## - ДАННЫЕ ОБЩЕЙ ОБРАБОТКИ
Данные общей обработки 20171013d2000 |||y0rusy50 ca
101 0# - ЯЗЫК РЕСУРСА
Язык текста, звукозаписи и т.д. русский
102 ## - СТРАНА ПУБЛИКАЦИИ ИЛИ ПРОИЗВОДСТВА
Страна публикации российская федерация
200 1# - ЗАГЛАВИЕ И СВЕДЕНИЯ ОБ ОТВЕТСТВЕННОСТИ
Основное заглавие Мужество стать
Первые сведения об ответственности П. Куртц
210 ## - ПУБЛИКАЦИЯ, РАСПРОСТРАНЕНИЕ И ДР.
Дата издания, распространения и т.д. 2000
Место издания, распространения и т.д. Б. м.
461 #0 - УРОВЕНЬ НАБОРА
Встроенное поле 001RU\NLR\INFOCOMM4\1000525178
-- 2001#$aЗдравый смысл$eЖурн. скептиков, оптимистов и гуманистов$v2000, спец. вып.[ 1]
Системный номер (АБИС) связанной записи 2066422
Место публикации М.
Дата публикации 1996-
Имя издателя, распространителя и т.д. Рус. гуманист о-во
Сведения, относящиеся к заглавию Журн. скептиков, оптимистов и гуманистов
Заглавие Здравый смысл
ISSN 1814-0416
Номер тома 2000, спец. вып.[ 1]
700 #1 - ИМЯ ЛИЦА - ПЕРВИЧНАЯ ОТВЕТСТВЕННОСТЬ
Начальный элемент ввода Куртц
Часть имени, кроме начального элемента ввода П.
852 ## - МЕСТОНАХОЖДЕНИЕ И ШИФР ХРАНЕНИЯ
Идентификатор организации NLR
Шифр хранения (Call Number) П25/246
942 ## - ДОПОЛНИТЕЛЬНЫЕ ЭЛЕМЕНТЫ ЗАПИСИ (АБИС)
Тип экземпляра АБИС Выпуск
980 ## - КОЛЛЕКЦИЯ
Название коллекции Национальная библиография
980 ## - КОЛЛЕКЦИЯ
Название коллекции Русская периодика

Нет доступных экземпляров.